000
00334nam a2200145Ia 4500
008
230718s9999 xx 000 0 und d
041
_a
Eng.
082
_a
923.4
_b
JAL-T
100
_a
Jalala Ayesha
245
4
_a
The Sole Expollermon
260
_a
Pakistan
_b
Sang- e- meel he
_c
1996
300
_a
510
650
_a
Law
999
_c
26373
_d
26373